000 00256nam a22001097a 4500
082 _a658.2 MOO'M
100 _aMOORE, FRANKLIN G
_958535
245 _aMANUFACTURING MANAGEMENT
260 _aILLINOIS
_bRICHARD D. IRWIN
_c1955
300 _a832P
942 _cBK
999 _c568719
_d568719